The natural law : A study in legal and social history and philosophy

Salvato in:
Dettagli Bibliografici
Autore principale: Rommen, Heinrich Albert
Natura: Libro
Lingua:Undetermined
Pubblicazione: Indianapolis Liberty Fund 1949
Soggetti:
Tags: Aggiungi Tag
Nessun Tag, puoi essere il primo ad aggiungerne! !
Thư viện lưu trữ: Trung tâm Học liệu Trường Đại học Cần Thơ
LEADER 00570nam a2200193Ia 4500
001 CTU_89617
008 210402s9999 xx 000 0 und d
082 |a 340.112 
082 |b R766 
100 |a Rommen, Heinrich Albert 
245 4 |a The natural law : 
245 2 |b A study in legal and social history and philosophy 
245 0 |c Heinrich A. Rommen ; Translated by Thomas R. Hanley 
260 |a Indianapolis 
260 |b Liberty Fund 
260 |c 1949 
650 |a Natural law 
904 |i Bằng 
980 |a Trung tâm Học liệu Trường Đại học Cần Thơ